Management : Theory and Practice. (Record no. 2176)

MARC details
005 - DATE AND TIME OF LATEST TRANSACTION
control field 20250508105333.0
020 ## - INTERNATIONAL STANDARD BOOK NUMBER
International Standard Book Number 987-93-5161-093-9
082 ## - DEWEY DECIMAL CLASSIFICATION NUMBER
Classification number 658.4 GUP
100 ## - MAIN ENTRY--PERSONAL NAME
Author name GUPTA, C. B.
245 ## - TITLE STATEMENT
Title Management : Theory and Practice.
250 ## - EDITION STATEMENT
Edition statement 19th Ed
260 ## - PUBLICATION, DISTRIBUTION, ETC.
Place of publication, distribution, etc. New Delhi,
Name of publisher, distributor, etc. Sultan Chand & Sons,
Date of publication, distribution, etc. 2017.
300 ## - PHYSICAL DESCRIPTION
Extent Xxix ,816p.: ill.; figure, table
Other physical details Index
Dimensions 24cm.
856 ## - ELECTRONIC LOCATION AND ACCESS
Link text Access Online Book
Electronic name Management
Path www.sultanchandandsons.com
942 ## - ADDED ENTRY ELEMENTS (KOHA)
Source of classification or shelving scheme Dewey Decimal Classification
Koha item type Books
Holdings
Date last seen Total checkouts Full call number Barcode Date last checked out Cost, replacement price Price effective from Koha item type Lost status Source of classification or shelving scheme Damaged status Not for loan Withdrawn status Home library Current library Shelving location Date acquired Cost, normal purchase price
04/25/2026 1 658.4 GUP 0000008441 04/25/2026 75000.00 05/08/2025 Books   Dewey Decimal Classification       College of Business Education Main Library College of Business Education Main Library General Collection 06/19/2017 25000.00
05/08/2025   658.4 GUP 0000008442   75000.00 05/08/2025 Books   Dewey Decimal Classification       College of Business Education Main Library College of Business Education Main Library General Collection 06/19/2017 25000.00
05/08/2025   658.4 GUP 0000008479   75000.00 05/08/2025 Books   Dewey Decimal Classification       College of Business Education Main Library College of Business Education Main Library General Collection 06/19/2017 25000.00
05/08/2025   658.4 GUP 0000008480   75000.00 05/08/2025 Books   Dewey Decimal Classification       College of Business Education Main Library College of Business Education Main Library General Collection 06/19/2017 25000.00